000 00324nam a22001217a 4500
008 160505b xxu||||| |||| 00| 0 eng d
020 _a9780071806336
020 _a9780071806336
041 _aeng
080 _a61
245 _aCurrent medical diagnosis treatment:
_cMaxine A. Papadakis; Stephen J. McPhee;
942 _2udc
_cBK
999 _c1823
_d1823